El ateísmo contemporáneo / (Record no. 186966)
[ view plain ]
| 000 -LEADER | |
|---|---|
| campo de control de longitud fija | 01128nam a2200241 i 4500 |
| 001 - NÚMERO DE CONTROL | |
| campo de control | 186966 |
| 003 - IDENTIFICADOR DE NÚMERO DE CONTROL | |
| campo de control | SpMaBN |
| 005 - FECHA Y HORA DE LA ÚLTIMA TRANSACCIÓN | |
| campo de control | 20230906222802.0 |
| 008 - DATOS DE LONGITUD FIJA--INFORMACIÓN GENERAL | |
| campo de control de longitud fija | 170310m19711973sp |||| | spa d |
| 080 ## - NÚMERO DE LA CLASIFICACIÓN DECIMAL UNIVERSAL | |
| Número de la Clasificación Decimal Universal | 211"18/19" |
| 245 03 - MENCIÓN DEL TÍTULO | |
| Título | El ateísmo contemporáneo / |
| Mención de responsabilidad, etc. | [comité de redacción, Giulio Girardi (et al.)]. |
| 260 ## - PUBLICACIÓN, DISTRIBUCIÓN, ETC. | |
| Lugar de publicación, distribución, etc. | Madrid : |
| Nombre del editor, distribuidor, etc. | Cristiandad, |
| Fecha de publicación, distribución, etc. | [1971-1973] |
| 300 ## - DESCRIPCIÓN FÍSICA | |
| Extensión | 4 t. en 5 v. ; |
| Dimensiones | 24 cm. |
| 500 ## - NOTA GENERAL | |
| Nota general | Índices. |
| 504 ## - NOTA DE BIBLIOGRAFÍA, ETC. | |
| Nota de bibliografía, etc. | Referencias bibliográficas. |
| 505 8# - NOTA DE CONTENIDO CON FORMATO | |
| Nota de contenido con formato | Contiene: I, v. 1-2 ; |
| Título | El ateísmo en la vida y en la cultura contemporánea (533 p., 547-1007 p.) - II ; |
| -- | El ateísmo en la filosofía contemporánea: corrientes y pensadores (528 p.) - III ; |
| -- | El ateísmo y los grandes problemas del hombre (571 p.) - IV ; |
| -- | El cristianismo frente al ateísmo (637 p.) |
| 594 ## - Nota al título y mención de responsabilidad | |
| Nota al título y mención de responsabilidad | Precede al tít.: Facultad Filosófica de la Universidad Pontificia Salesiana de Roma. |
| 650 #7 - PUNTO DE ACCESO ADICIONAL DE MATERIA--TÉRMINO DE MATERIA | |
| Término de materia o nombre geográfico como elemento de entrada | Ateísmo- |
| Subdivisión cronológica | S.XX. |
| 9 (RLIN) | 162049 |
| 650 #7 - PUNTO DE ACCESO ADICIONAL DE MATERIA--TÉRMINO DE MATERIA | |
| Término de materia o nombre geográfico como elemento de entrada | Cristianismo y ateísmo. |
| 9 (RLIN) | 160368 |
| 700 1# - ENTRADA AGREGADA--NOMBRE PERSONAL | |
| Nombre de persona | Girardi, Giulio. |
| 9 (RLIN) | 57231 |
| 710 2# - ENTRADA AGREGADA--NOMBRE DE ENTIDAD CORPORATIVA | |
| Nombre de entidad corporativa o nombre de jurisdicción como elemento de entrada | Pontificia Universitas Salesiana. |
| 9 (RLIN) | 6237 |
| 852 ## - LOCALIZACIÓN | |
| Ubicación | ES-MaACL |
| Número de control de estantería | L-31211-15 |
| Nota libre | - enc. tela |
| Estatus retirado | Estado de pérdida | Estado de daño | No para préstamo | Biblioteca de origen | Biblioteca actual | Ubicación en estantería | Fecha de adquisición | Fuente de adquisición | Total de préstamos | Signatura topográfica completa | Código de barras | Visto por última vez | Precio de reemplazo | Tipo de ítem Koha |
|---|---|---|---|---|---|---|---|---|---|---|---|---|---|---|
| Biblioteca del Ateneo de Madrid | Biblioteca del Ateneo de Madrid | Depósito 2 | 10/03/2017 | L-31211-15 | 1197225 | 23/02/2023 | 23/02/2023 | Libro impreso |
